Dead or Alive - Directors - Statistics

General Stats
  • This quiz has been taken 19 times
    18 since last reset
  • The average score is 51 of 68
Answer Stats
Hint Explanation Answer % Correct
Steven Spielberg 1946- Alive
100%
James Cameron 1954- Alive
100%
Spike Lee 1957- Alive
100%
Quentin Tarantino 1963- Alive
100%
Christopher Nolan 1970- Alive
100%
Alfred Hitchcock 1899-1980 Dead
100%
Francis Ford Coppola 1939- Alive
94%
Martin Scorsese 1942- Alive
94%
David Cronenberg 1943- Alive
94%
Clint Eastwood 1930- Alive
88%
Ridley Scott 1937- Alive
88%
Hayao Miyazaki 1941- Alive
88%
Michael Mann 1943- Alive
88%
Mike Leigh 1943- Alive
88%
Roman Polanski 1933- Alive
88%
Chris Columbus 1958- Alive
88%
Ron Howard 1954- Alive
88%
Ang Lee 1954- Alive
88%
Federico Fellini 1920-1993 Dead
88%
George A. Romero 1940-2017 Dead
88%
Wim Wenders 1945- Alive
82%
Oliver Stone 1946- Alive
82%
Robert Zemeckis 1952- Alive
82%
Frank Darabont 1959- Alive
82%
Franco Zeffirelli 1923-2019 Dead
82%
John Schlesinger 1926-2003 Dead
82%
William Friedkin 1935-2023 Dead
82%
Paul Verhoeven 1938- Alive
76%
Terry Gilliam 1940- Alive
76%
Brian De Palma 1940- Alive
76%
Terrence Malick 1943- Alive
76%
Peter Weir 1944- Alive
76%
Andrew Davis 1946- Alive
76%
Akira Kurosawa 1910-1998 Dead
76%
Robert Altman 1925-2006 Dead
76%
Bob Fosse 1927-1987 Dead
76%
Alan J. Pakula 1928-1998 Dead
76%
Bernardo Bertolucci 1941-2018 Dead
76%
Sergio Leone 1929-1989 Dead
76%
Adrian Lyne 1941- Alive
71%
Joe Dante 1946- Alive
71%
John McTiernan 1951- Alive
71%
John Landis 1950- Alive
71%
Norman Jewison 1926-2024 Dead
71%
Richard Donner 1930-2021 Dead
71%
Sydney Pollack 1934-2008 Dead
71%
John G. Avildsen 1935-2017 Dead
71%
Peter Bogdanovich 1939-2022 Dead
71%
David Lynch 1946-2025 Dead
71%
John Singleton 1968-2019 Dead
71%
Miloš Forman 1932-2018 Dead
65%
Tony Scott 1944-2012 Dead
65%
Jonathan Demme 1944-2017 Dead
65%
James Ivory 1928- Alive
59%
Mike Nichols 1931-2014 Dead
59%
Michael Apted 1941-2021 Dead
59%
Alan Parker 1944-2020 Dead
59%
Ivan Reitman 1946-2022 Dead
59%
Martin Brest 1951- Alive
53%
Jan de Bont 1943- Alive
53%
Wes Craven 1939-2015 Dead
53%
Anthony Minghella 1954-2008 Dead
53%
Penny Marshall 1943-2018 Dead
53%
Wolfgang Petersen 1941-2022 Dead
47%
John Hughes 1950-2009 Dead
47%
Garry Marshall 1934-2016 Dead
47%
Joel Schumacher 1939-2020 Dead
41%
Nora Ephron 1941-2012 Dead
41%
No matching quizzes found
Score Distribution
Percent of People with Each Score
Percentile by Number Answered
Your Score History
You have not taken this quiz since the last reset